000 00408pab a2200145 454500
008 180718b1988 xxu||||| |||| 00| 0 eng d
100 _aPoodhun, E.E.
245 _aThe contribution of William J. Clarke to criminal investigation in South Africa
260 _c1988
300 _a359-61
362 _aOct.-Dec.
650 _aCriminal Investigation - Africa, South
773 _aPolice Journal
909 _a6912
999 _c6912
_d6912